Ako dosiahnuť dramatické zlepšenia

Ako realizovať Business process reengineering (BPR) pomocou informačných technológií. Splnomocňovanie pracovníkov. Eliminovanie neproduktívne využívaného pracovného času. Odstránenie zbytočného papierovania. Eliminácia nepotrebných variácií procesov a systémov. Minimalizácia bremena uchovávania zázn...

Full description

Saved in:
Bibliographic Details
Main Author: Pisárová, Silvia
Format: Book Chapter
Language:Slovak
Subjects:
Tags: Add Tag
No Tags, Be the first to tag this record!

MARC

LEADER 00000naa$a2200000$$$4500
001 0112909
005 20240502072244.7
041 0 |a slo 
044 |a SK 
245 1 0 |a Ako dosiahnuť dramatické zlepšenia  |c Silvia Pisárová 
520 |a Ako realizovať Business process reengineering (BPR) pomocou informačných technológií. Splnomocňovanie pracovníkov. Eliminovanie neproduktívne využívaného pracovného času. Odstránenie zbytočného papierovania. Eliminácia nepotrebných variácií procesov a systémov. Minimalizácia bremena uchovávania záznamov. Príklady úspešnej aplikácie BPR v praxi. 
610 2 0 |a metódy riadenia 
610 2 0 |a riadenie procesné 
610 2 0 |a procesy podnikové 
610 2 0 |a technológie informačné 
610 2 0 |a technológie komunikačné 
610 2 0 |a reengineering 
610 2 0 |a pracovníci 
610 2 0 |a čas pracovný 
610 2 0 |a produktivita 
100 1 |a Pisárová, Silvia